00594nam a22001577a 4500003000400000008004100004020001800045100001800063245008100081260006300162300001000225650002500235942001200260999001700272952014700289OSt250215b |||||||| |||| 00| 0 eng d a9788197978524 aARORA, Shakti aThe Blockchain Revolution: Understanding The Future of Decentralized System  aNew Delhi, Naples India: 2024.bNaples India: 2024.c2024. a290p. aFaculty Publication  2ddccBK c13135d13135 00102ddc40708Faculty PublicationaPIETbPIETd2025-02-15eNaples IndiafINRg700.00l0p38720r2025-02-15 00:00:00v700.00w2025-02-04yBK